| 000 | 00910nas a2200289 4500 | ||
|---|---|---|---|
| 001 | BR0000044 | ||
| 003 | BR-BrBNA | ||
| 005 | 20231205101624.0 | ||
| 007 | ta | ||
| 008 | 230509b bl.|||p| |||| 00| 00por d | ||
| 040 |
_aBR-BrBNA _bpor _cBiblioteca Nacional de Agricultura |
||
| 041 | _a(Pt) | ||
| 072 | _aQ54 | ||
| 100 | 1 | _aEndres, E. | |
| 100 | 1 | _aThomas, R.W.S.P. | |
| 100 | 1 | _aPrates, E.R. | |
| 245 | 1 | _aAvaliacao da degrabilidade ruminal in situ da palha de arroz fermentada por Trichoderma viride, Rhizopus stolonifer e Pycnoporus sanguineus | |
| 650 | _aTrichoderma Viride | ||
| 650 | _aPalha de Arroz | ||
| 650 | _aRhizopus | ||
| 650 | _aFermentacao | ||
| 650 | _aRumen | ||
| 650 | _aRuminacao | ||
| 773 | 0 |
_tRevista Brasileira de Zootecnia (Brazil) _xISSN 1516-3598 _g(Jul-Aug 1999), v. 28(4) p. 816-820 _wBR0000044 |
|
| 909 |
_a202311 _bLúcia _c55 _dLúcia Elande |
||
| 942 |
_2AGRIS _n0 _cANA |
||
| 999 |
_c162879 _d162879 |
||